[Event "European Blitz 2016"]
[Site "Tallinn EST"]
[Date "2016.12.18"]
[Round "24.24"]
[White "Piorun, Kacper"]
[Black "Ladva, Ottomar"]
[Result "1/2-1/2"]
[WhiteTitle "GM"]
[BlackTitle "GM"]
[WhiteElo "2657"]
[BlackElo "2510"]
[WhiteFideId "1130420"]
[BlackFideId "4500024"]
[EventDate "2016.12.17"]

1. b3 d5 2. Bb2 Bg4 3. g3 Nf6 4. Bg2 c6 5. Nf3 Nbd7 6. O-O g6 7. c4 Bg7 8. d3
O-O 9. Nbd2 a5 10. a3 e6 11. Qc2 Qe7 12. Rac1 Ne8 13. h3 Bxb2 14. Qxb2 Bxf3 15.
Nxf3 Nef6 16. d4 Ne4 17. Rfd1 Rfe8 18. e3 h5 19. h4 Kg7 20. Ne1 Ndf6 21. Nd3 g5
22. f3 Nxg3 23. hxg5 Nd7 24. f4 Nf5 25. Re1 f6 26. e4 dxe4 27. Bxe4 Qd6 28. d5
cxd5 29. cxd5 Ng3 30. Qg2 h4 31. dxe6 Rxe6 32. Bd5 Rxe1+ 33. Rxe1 Nb6 34. gxf6+
Qxf6 35. Bf3 Rd8 36. Ne5 Qxf4 37. Ng4 Rd2 38. Nf2 Qd4 39. Bg4 Nd5 40. Qf3 Rxf2
41. Qxf2 Qxg4 42. Kh2 Qf4 43. Re7+ Kf6 44. Qxf4+ Nxf4 45. Rxb7 Nf1+ 46. Kg1 Ne3
47. Kf2 Nf5 48. Kf3 Nd3 49. Rb8 h3 50. Rh8 Ne1+ 51. Kf2 Nd3+ 52. Kf3 Ne1+ 53.
Kf2 Nc2 54. Rxh3 Nxa3 55. Ke2 Ke5 56. Kd3 Nb5 57. Kc2 Nfd4+ 58. Kb2 Kd5 59. Rh5+
Kc6 60. Rg5 Kb6 61. Rh5 Nc6 62. Rg5 Nbd4 63. Rh5 Nb5 64. Rg5 Nb4 65. Rh5 Nd3+
66. Kc2 Nc5 67. Rh6+ Kb7 68. Rh4 Kc6 69. Kb2 Nd3+ 70. Kc2 Nb4+ 71. Kb2 Kc5 72.
Rc4+ Kb6 73. Rh4 Nd3+ 74. Kc2 Nc5 75. b4 axb4 76. Rxb4 Ka5 77. Rxb5+ Kxb5 1/2-1/2

[Event "European Blitz 2016"]
[Site "Tallinn EST"]
[Date "2016.12.18"]
[Round "24.25"]
[White "Huzman, Alexander"]
[Black "Boe, Mads"]
[Result "1-0"]
[WhiteTitle "GM"]
[BlackTitle "FM"]
[WhiteElo "2557"]
[BlackElo "2321"]
[WhiteFideId "2803828"]
[BlackFideId "1401408"]
[EventDate "2016.12.17"]

1. d4 f5 2. g3 Nf6 3. Bg2 e6 4. Nf3 d5 5. O-O Bd6 6. c4 c6 7. Nc3 O-O 8. Qc2 Qe7
9. Rb1 Bd7 10. Bg5 Be8 11. Ne5 h6 12. Bxf6 Qxf6 13. cxd5 cxd5 14. Nxd5 Qd8 15.
Nf4 Bxe5 16. Nxe6 Qe7 17. Nxf8 Bf6 18. Qc5 Kxf8 19. Bxb7 Qxc5 20. dxc5 Bc6 21.
Bxa8 Bxa8 22. b4 Be4 23. b5 Bxb1 24. Rxb1 Ke7 25. Rd1 Nd7 26. c6 Nb6 27. f4 g5
28. c7 Ke6 29. Rd8 1-0

[Event "European Blitz 2016"]
[Site "Tallinn EST"]
[Date "2016.12.18"]
[Round "24.26"]
[White "Putka, Verners"]
[Black "Halkias, Stelios"]
[Result "0-1"]
[BlackTitle "GM"]
[WhiteElo "2307"]
[BlackElo "2585"]
[WhiteFideId "11600659"]
[BlackFideId "4201809"]
[EventDate "2016.12.17"]

1. d4 Nf6 2. Nf3 e6 3. g3 c5 4. Bg2 cxd4 5. O-O d5 6. Nxd4 e5 7. Nf3 Nc6 8. c4
d4 9. e3 Be7 10. exd4 exd4 11. Nbd2 O-O 12. Nb3 d3 13. Be3 Bg4 14. h3 Bh5 15.
Rc1 Nb4 16. a3 Nc2 17. Bc5 Re8 18. Bxe7 Rxe7 19. Nc5 Nd4 20. Qxd3 Nxf3+ 21. Bxf3
Qxd3 22. Nxd3 Bxf3 23. Nf4 g5 24. Ng2 Bxg2 25. Kxg2 Re2 26. b4 Rd8 27. Rfd1 Rxd1
28. Rxd1 Rc2 29. c5 Kg7 30. Rd3 h5 31. Kf3 g4+ 32. hxg4 Nxg4 0-1

[Event "European Blitz 2016"]
[Site "Tallinn EST"]
[Date "2016.12.18"]
[Round "24.27"]
[White "Kovalenko, Igor"]
[Black "Reprintsev, Alexander"]
[Result "1-0"]
[WhiteTitle "GM"]
[BlackTitle "IM"]
[WhiteElo "2684"]
[BlackElo "2321"]
[WhiteFideId "14117908"]
[BlackFideId "14100541"]
[EventDate "2016.12.17"]

1. d4 d5 2. Nf3 Nc6 3. e3 Bg4 4. Nbd2 e6 5. h3 Bh5 6. c4 Nf6 7. Qb3 Rb8 8. cxd5
Nxd5 9. e4 Nde7 10. g4 Bg6 11. Qc3 h5 12. g5 h4 13. Bg2 Qd6 14. O-O Rd8 15. Nc4
Qb4 16. Re1 b5 17. Nce5 Qxc3 18. bxc3 Bh5 19. Rb1 a6 20. Bf4 Na5 21. Nxh4 f6 22.
Nef3 c5 23. d5 e5 24. Be3 Nc8 25. Nf5 Bxf3 26. Bxf3 Rxh3 27. Kg2 Rh8 28. Rh1
Rxh1 29. Rxh1 Nc4 30. Bc1 Ne7 31. Ng3 Nd6 32. Bg4 Kf7 33. Be6+ Ke8 34. gxf6 gxf6
35. Nh5 Nxe4 36. f3 Nxd5 37. fxe4 Nxc3 38. Bf5 Be7 39. Ng7+ Kf7 40. Rh7 Rg8 41.
Bh6 Nd1 42. Be6+ 1-0

[Event "European Blitz 2016"]
[Site "Tallinn EST"]
[Date "2016.12.18"]
[Round "24.28"]
[White "Turov, Maxim"]
[Black "Potapov, Pavel"]
[Result "0-1"]
[WhiteTitle "GM"]
[BlackTitle "GM"]
[WhiteElo "2594"]
[BlackElo "2493"]
[WhiteFideId "4120086"]
[BlackFideId "4169786"]
[EventDate "2016.12.17"]

1. d4 d5 2. c4 e5 3. dxe5 d4 4. Nf3 Nc6 5. g3 Nge7 6. Bg2 Ng6 7. O-O Ngxe5 8.
Nxe5 Nxe5 9. b3 Be7 10. Bb2 Bf6 11. Nd2 Nc6 12. Bxc6+ bxc6 13. Ne4 Bh3 14. Re1
c5 15. e3 O-O 16. Qh5 Bc8 17. Qxc5 Bb7 18. Nxf6+ Qxf6 19. Qxd4 Qg6 20. e4 Rad8
21. Qc3 Rfe8 22. f3 h5 23. Rad1 h4 24. g4 Rxd1 25. Rxd1 Bxe4 26. Re1 Bc6 27.
Rxe8+ Bxe8 28. Kf2 Bc6 29. Qd2 Kh7 30. Be5 f6 31. Bxc7 Qb1 32. Ke3 Qg1+ 33. Kd3
Bxf3 34. Bf4 Qxg4 35. Qe3 Qf5+ 36. Kc3 Be4 37. b4 g5 38. Bd6 Kg6 39. b5 Bb1 40.
Qxa7 Qc2+ 41. Kb4 Bxa2 42. Qd4 Qb3+ 43. Kc5 Qa3+ 44. Kc6 Qa8+ 45. Kc7 Bb3 46. b6
Ba4 47. b7 Qe8 48. b8=Q Qc6+ 0-1

[Event "European Blitz 2016"]
[Site "Tallinn EST"]
[Date "2016.12.18"]
[Round "24.29"]
[White "Grigoriants, Sergey"]
[Black "Zagorskis, Darius"]
[Result "1-0"]
[WhiteTitle "GM"]
[BlackTitle "GM"]
[WhiteElo "2563"]
[BlackElo "2469"]
[WhiteFideId "4130804"]
[BlackFideId "12800120"]
[EventDate "2016.12.17"]

1. e4 c5 2. Nf3 d6 3. Bb5+ Nc6 4. O-O Bd7 5. c3 Nf6 6. Re1 a6 7. Bf1 Bg4 8. h3
Bxf3 9. Qxf3 g6 10. Qd1 Bh6 11. Na3 O-O 12. Nc2 Rc8 13. g3 e5 14. Ne3 d5 15.
exd5 Nxd5 16. Bg2 Nde7 17. a3 Bg7 18. b4 cxb4 19. axb4 Qd7 20. Rb1 Na7 21. c4
Nac6 22. b5 axb5 23. Rxb5 Rc7 24. Nd5 Nxd5 25. Rxd5 Qc8 26. Ba3 Rd8 27. Bc5 Rcd7
28. Bb6 Re8 29. Qb1 Bf8 30. h4 Nb4 31. Rxd7 Qxd7 32. Be3 b6 33. Rf1 Bc5 34. Qb3
e4 35. Rb1 f5 36. Qc3 Kf7 37. Rxb4 Bxb4 38. Qxb4 Rc8 39. Bf1 Qc6 40. Qxb6 1-0

[Event "European Blitz 2016"]
[Site "Tallinn EST"]
[Date "2016.12.18"]
[Round "24.30"]
[White "Ruck, Robert"]
[Black "Kanep, Meelis"]
[Result "1-0"]
[WhiteTitle "GM"]
[BlackTitle "GM"]
[WhiteElo "2561"]
[BlackElo "2485"]
[WhiteFideId "705713"]
[BlackFideId "4501047"]
[EventDate "2016.12.17"]

1. Nf3 Nf6 2. c4 g6 3. d4 Bg7 4. g3 O-O 5. Bg2 c6 6. Nc3 d6 7. O-O Qb6 8. b3 e5
9. e3 Re8 10. a4 e4 11. Nd2 d5 12. Ba3 Qd8 13. Rc1 a6 14. Qc2 Bg4 15. h3 Be6 16.
Ne2 h5 17. Nf4 Bd7 18. Qc3 g5 19. Ne2 a5 20. Qc2 Na6 21. Nc3 Bf8 22. Bxf8 Kxf8
23. f3 Nb4 24. Qb1 Qb8 25. fxe4 Qxg3 26. Rf3 Qh4 27. Rxf6 Bxh3 28. Nf1 Bxg2 29.
Kxg2 Qg4+ 30. Kh1 dxe4 31. Rd1 Qh3+ 32. Nh2 Qxe3 33. Rdf1 Qxc3 34. Qd1 Qh3 35.
Rxf7+ Kg8 36. R7f5 g4 37. Qc1 e3 38. Rg5+ Kh8 39. d5 Nd3 40. Qc3+ Ne5 41. Rxe5
Rxe5 42. Qxe5+ Kg8 43. Qg5+ Kh8 44. Rf7 1-0

[Event "European Blitz 2016"]
[Site "Tallinn EST"]
[Date "2016.12.18"]
[Round "24.31"]
[White "Jussupow, Artur"]
[Black "Lobanov, Sergei"]
[Result "0-1"]
[WhiteTitle "GM"]
[WhiteElo "2585"]
[BlackElo "2429"]
[WhiteFideId "4618777"]
[BlackFideId "24183750"]
[EventDate "2016.12.17"]

1. d4 Nf6 2. Nf3 e6 3. e3 c5 4. Bd3 Nc6 5. O-O d5 6. b3 Qc7 7. c4 cxd4 8. exd4
Be7 9. Nc3 O-O 10. Bb2 Rd8 11. Rc1 Qf4 12. Ne2 Qh6 13. Ng3 Bd7 14. c5 b6 15. a3
bxc5 16. dxc5 a5 17. Bc3 Qf4 18. Bd2 Qc7 19. b4 axb4 20. axb4 Na7 21. Re1 Bb5
22. Bb1 Nc6 23. Qc2 e5 24. Nf5 e4 25. N3d4 Nxd4 26. Nxd4 Bd3 27. Qb2 Ng4 28. g3
Bxb1 29. Bf4 Qc8 30. Rxb1 Bf6 31. Rbd1 g5 32. Bd6 Rxd6 33. cxd6 Ne5 34. Qe2 Ra6
35. d7 Ra4 36. Qh5 Kg7 37. Rc1 Qxd7 38. g4 Nxg4 39. Rc7 Qxc7 40. Nf5+ Kg8 41.
Qxg4 Rxb4 42. h4 Qf4 43. Qh3 g4 44. Qa3 Rb8 45. Ng3 Bd4 46. Rf1 Rb2 47. Qa8+ Qb8
48. Qxb8+ Rxb8 49. Nf5 Bc5 50. Rd1 Rd8 51. Nh6+ Kg7 52. Nxg4 f5 0-1

[Event "European Blitz 2016"]
[Site "Tallinn EST"]
[Date "2016.12.18"]
[Round "24.32"]
[White "Meskovs, Nikita"]
[Black "Troyke, Christian"]
[Result "1-0"]
[WhiteTitle "IM"]
[BlackTitle "IM"]
[WhiteElo "2489"]
[BlackElo "2347"]
[WhiteFideId "11602740"]
[BlackFideId "4616278"]
[EventDate "2016.12.17"]

1. d4 g6 2. c4 Bg7 3. Nc3 Nf6 4. e4 O-O 5. Nf3 d6 6. h3 c6 7. Be2 d5 8. e5 Ne4
9. Nxe4 dxe4 10. Ng5 c5 11. d5 Bxe5 12. Nxe4 Nd7 13. O-O Bg7 14. Bg5 h6 15. Be3
b6 16. Qd2 Kh7 17. Rad1 f5 18. Ng3 Ne5 19. f4 Nf7 20. b4 cxb4 21. Qxb4 Nd6 22.
c5 bxc5 23. Qxc5 Bd7 24. Rb1 h5 25. Bd3 Qc8 26. Qa5 Nc4 27. Bxc4 Qxc4 28. Rfc1
Qd3 29. Rb3 1-0

[Event "European Blitz 2016"]
[Site "Tallinn EST"]
[Date "2016.12.18"]
[Round "25.1"]
[White "Andreikin, Dmitry"]
[Black "Zhigalko, Sergei"]
[Result "1/2-1/2"]
[WhiteTitle "GM"]
[BlackTitle "GM"]
[WhiteElo "2737"]
[BlackElo "2671"]
[WhiteFideId "4158814"]
[BlackFideId "13502956"]
[EventDate "2016.12.17"]

1. d4 Nf6 2. c4 e6 3. Nf3 b6 4. g3 Ba6 5. b3 Bb4+ 6. Bd2 Be7 7. Bg2 c6 8. Bc3 d5
9. Nbd2 Nbd7 10. O-O O-O 11. Re1 c5 12. e4 Nxe4 13. Nxe4 dxe4 14. Rxe4 Bb7 15.
Re1 Bf6 16. Ne5 Bxg2 17. Kxg2 cxd4 18. Nc6 Qc7 19. Nxd4 a6 20. Qf3 Rac8 21. Rad1
Rfd8 22. Ne2 Bxc3 23. Nxc3 Nf6 24. Ne4 Nxe4 1/2-1/2

[Event "European Blitz 2016"]
[Site "Tallinn EST"]
[Date "2016.12.18"]
[Round "25.2"]
[White "Mamedov, Rauf"]
[Black "Matlakov, Maxim"]
[Result "1/2-1/2"]
[WhiteTitle "GM"]
[BlackTitle "GM"]
[WhiteElo "2688"]
[BlackElo "2694"]
[WhiteFideId "13401653"]
[BlackFideId "4168003"]
[EventDate "2016.12.17"]

1. e4 c5 2. Nf3 e6 3. c3 Nf6 4. e5 Nd5 5. Bc4 d6 6. d4 cxd4 7. cxd4 Be7 8. O-O
O-O 9. Bd2 b6 10. Nc3 dxe5 11. Bxd5 exd5 12. Nxe5 Be6 13. Rc1 f6 14. Nd3 Bf7 15.
Re1 Nc6 16. Be3 Rc8 17. h3 Qd7 18. Qa4 Rfd8 19. Qa6 Nb4 20. Nxb4 Bxb4 21. Bd2
Rc4 22. Be3 Rdc8 23. Red1 Bxc3 24. bxc3 Rxc3 25. Rxc3 Rxc3 26. Qe2 Qc7 27. Re1
Rc2 28. Qa6 h6 29. Qa4 Rc4 30. Qb5 Kh7 31. Qa6 Bg6 32. Qa3 a5 33. Qb3 a4 34. Qa3
b5 35. Bd2 Rxd4 36. Re7 Qd8 37. Bb4 Rd1+ 38. Kh2 Rd3 39. Qc1 Qb8+ 40. Kg1 Rd4
41. a3 Re4 42. Rd7 Qe8 43. Qc7 Rc4 44. Rxg7+ Kh8 45. Qa7 Rc1+ 46. Kh2 Qe5+ 47.
g3 Be4 48. Qa8+ Kxg7 49. Qf8+ Kh7 50. Qf7+ Kh8 1/2-1/2

[Event "European Blitz 2016"]
[Site "Tallinn EST"]
[Date "2016.12.18"]
[Round "25.3"]
[White "Vallejo Pons, Francisco"]
[Black "Navara, David"]
[Result "1/2-1/2"]
[WhiteTitle "GM"]
[BlackTitle "GM"]
[WhiteElo "2711"]
[BlackElo "2725"]
[WhiteFideId "2205530"]
[BlackFideId "309095"]
[EventDate "2016.12.17"]

1. e4 c6 2. Nc3 d5 3. Nf3 Bg4 4. d4 e6 5. h3 Bxf3 6. Qxf3 Nf6 7. exd5 cxd5 8.
Bb5+ Nc6 9. O-O Be7 10. Ne2 a6 11. Bd3 Nb4 12. Bg5 O-O 13. Nf4 h6 14. Bxf6 Bxf6
15. c3 Nxd3 16. Nxd3 Be7 17. a4 Bd6 18. a5 Qc7 19. Rfc1 Rab8 20. b4 Qc4 21. Nb2
Qb5 22. Qd3 Qc6 23. Na4 e5 24. dxe5 Bxe5 25. Rd1 Rbd8 26. Nc5 d4 27. c4 Bd6 28.
Qf3 Qxf3 29. gxf3 Bxc5 30. bxc5 Rd7 31. c6 bxc6 32. Rab1 Re8 33. Rb6 Re5 34.
Rxa6 Rc5 35. Rc1 d3 36. Ra8+ Kh7 37. a6 Rxc4 38. Rd1 Ra4 39. a7 Rd6 40. Kg2 Kg6
41. f4 Kf5 42. Kg3 g6 43. h4 h5 44. Rd2 Rd7 45. Rc8 Raxa7 46. Rxc6 Ke4 47. Rc4+
Rd4 48. Rc5 f6 49. Rc1 Rad7 50. Rc5 R7d5 51. Rc6 Kf5 52. Rc3 Ke6 53. f3 Kf5 54.
Rb3 Ke6 55. Rc3 Kd6 56. Rc8 g5 57. fxg5 fxg5 58. hxg5 Rxg5+ 59. Kf2 Rgd5 60. Ke3
h4 61. Rh8 Kc5 62. Rc8+ Kb4 63. Rb2+ Ka3 64. Rb1 Ka2 65. Rb7 Ra4 66. Rb6 d2 67.
Rc2+ Ka1 68. Rxd2 Ra3+ 69. Ke2 Rxd2+ 70. Kxd2 h3 71. Rh6 Rxf3 72. Ke2 Rb3 73.
Kf2 Kb2 1/2-1/2

[Event "European Blitz 2016"]
[Site "Tallinn EST"]
[Date "2016.12.18"]
[Round "25.4"]
[White "Vitiugov, Nikita"]
[Black "Jovanovic, Zoran"]
[Result "0-1"]
[WhiteTitle "GM"]
[BlackTitle "GM"]
[WhiteElo "2726"]
[BlackElo "2534"]
[WhiteFideId "4152956"]
[BlackFideId "14505320"]
[EventDate "2016.12.17"]

1. d4 d6 2. e4 Nf6 3. f3 e5 4. d5 Be7 5. Be3 c6 6. Nc3 Qa5 7. Qd2 cxd5 8. Nxd5
Qxd2+ 9. Kxd2 Nxd5 10. exd5 Nd7 11. a4 a5 12. Bb5 Bd8 13. Ne2 Ke7 14. Rhe1 Bb6
15. Bxb6 Nxb6 16. f4 Nxd5 17. c4 Nb4 18. Nc3 f6 19. c5 Rd8 20. cxd6+ Rxd6+ 21.
Kc1 Be6 22. fxe5 fxe5 23. Rxe5 Rf8 24. Ne4 Rd5 25. Rxd5 Bxd5 26. Ng3 Rf2 27. Ra3
Rc2+ 28. Kd1 Rxg2 29. Re3+ Kd6 30. Nf5+ Kc5 31. Rc3+ Kb6 32. Ne7 Bc6 33. Bxc6
bxc6 34. Rh3 h6 35. Rg3 Rxb2 36. h4 Ra2 37. Rxg7 Rxa4 38. Rh7 Ra1+ 39. Kd2 a4
40. Kc3 Kb5 41. Nc8 Rc1+ 42. Kb2 Rc2+ 43. Kb1 Rh2 44. Rb7+ Kc4 45. Nd6+ Kb3 46.
Kc1 a3 47. Ne4 a2 0-1

[Event "European Blitz 2016"]
[Site "Tallinn EST"]
[Date "2016.12.18"]
[Round "25.5"]
[White "Anton Guijarro, David"]
[Black "Ponkratov, Pavel"]
[Result "1-0"]
[WhiteTitle "GM"]
[BlackTitle "GM"]
[WhiteElo "2650"]
[BlackElo "2607"]
[WhiteFideId "2285525"]
[BlackFideId "4157800"]
[EventDate "2016.12.17"]

1. d4 Nf6 2. c4 c5 3. d5 g6 4. Nc3 Bg7 5. e4 O-O 6. Nf3 e6 7. h3 exd5 8. exd5
Re8+ 9. Be3 Bh6 10. Be2 Rxe3 11. fxe3 Bxe3 12. Qd3 Qe7 13. d6 Qe6 14. Nb5 Na6
15. a3 b6 16. Nd2 Bb7 17. Bf3 Bxf3 18. gxf3 Bf4+ 19. Kd1 Re8 20. Kc2 Bxd2 21.
Kxd2 Qe5 22. Kc2 Qg3 23. Rad1 Nb8 24. Nxa7 Nh5 25. Kb1 Nf4 26. Qd2 Re2 27. Qc3
Ne6 28. Rhe1 Rf2 29. Re3 Qxh3 30. Ka2 h5 31. Nc8 Qh2 32. Rb1 h4 33. Ne7+ Kh7 34.
Qf6 Qf4 35. Qxf4 Nxf4 36. Nd5 Ne6 37. Rh1 g5 38. Nxb6 Rd2 39. Nd5 Nc6 40. f4 Na5
41. fxg5 Rd4 42. Re4 Rxe4 43. Nf6+ Kg6 44. Nxe4 Kh5 45. Nf6+ Kxg5 46. Nxd7 Nxc4
47. Rd1 h3 48. Nb8 Ne3 49. Rh1 Kg4 50. Nc6 f5 51. a4 f4 52. a5 Nd5 53. a6 Nb6
54. a7 f3 55. Ne5+ Kg3 56. Nxf3 Kg2 57. Rh2+ Kg3 58. d7 Nd8 59. Kb3 Nc6 60. Rh1
Kg2 61. Rh2+ Kg3 62. Kc2 Nd8 63. Kd2 Nc6 64. Ke2 Nd5 65. a8=Q Nf4+ 66. Kf1 1-0

[Event "European Blitz 2016"]
[Site "Tallinn EST"]
[Date "2016.12.18"]
[Round "25.6"]
[White "Bartel, Mateusz"]
[Black "Bortnyk, Olexandr"]
[Result "0-1"]
[WhiteTitle "GM"]
[BlackTitle "GM"]
[WhiteElo "2641"]
[BlackElo "2581"]
[WhiteFideId "1112635"]
[BlackFideId "14120828"]
[EventDate "2016.12.17"]

1. e4 d6 2. d4 Nf6 3. Nc3 Nbd7 4. Nf3 e5 5. Bc4 Be7 6. O-O O-O 7. a4 a5 8. Re1
b6 9. b3 Bb7 10. Bb2 Rc8 11. Qd3 Nh5 12. Rad1 Nf4 13. Qe3 Ng6 14. Ne2 exd4 15.
Bxd4 Bf6 16. Ng3 Re8 17. Nh5 Rxe4 18. Nxf6+ Nxf6 19. Qc3 Rxe1+ 20. Rxe1 d5 21.
Bxf6 Qxf6 22. Qxf6 gxf6 23. Bd3 c5 24. Bf5 Rd8 25. h4 d4 26. h5 Bxf3 27. hxg6
hxg6 28. Bxg6 fxg6 29. gxf3 Kf7 30. Rd1 Re8 31. Kf1 g5 32. Rd3 Re6 33. c3 dxc3
34. Rxc3 Rd6 35. Re3 Rd4 36. Ke2 Rb4 37. Rc3 Ke6 38. Kd2 Ke5 39. Ke3 f5 40. Rd3
Rd4 41. Rc3 Kd5 42. Rc1 Rb4 43. Rd1+ Ke5 44. Rd3 c4 45. bxc4 Rxc4 46. Rb3 Rb4
47. Ra3 Kd5 48. Kd3 Rd4+ 49. Ke3 Kc5 50. Rb3 Rxa4 0-1

[Event "European Blitz 2016"]
[Site "Tallinn EST"]
[Date "2016.12.18"]
[Round "25.7"]
[White "Alekseev, Evgeny"]
[Black "Andriasian, Zaven"]
[Result "0-1"]
[WhiteTitle "GM"]
[BlackTitle "GM"]
[WhiteElo "2632"]
[BlackElo "2621"]
[WhiteFideId "4138147"]
[BlackFideId "13302000"]
[EventDate "2016.12.17"]

1. e4 d6 2. d4 g6 3. Nf3 Bg7 4. Bd3 Nf6 5. O-O O-O 6. Re1 Nc6 7. d5 Nb8 8. h3 c6
9. c4 Nbd7 10. Nc3 Nc5 11. Bc2 Bd7 12. Be3 cxd5 13. exd5 Rc8 14. Qd2 e5 15. dxe6
Bxe6 16. Qe2 Qa5 17. Nd4 Qb4 18. Bb3 Rfe8 19. Rad1 Nxb3 20. axb3 a6 21. Qd2 d5
22. Nxe6 fxe6 23. cxd5 Nxd5 24. Nxd5 Qxd2 25. Rxd2 exd5 26. Rxd5 Bxb2 27. Rd7 b5
28. Re2 Bc1 29. Rd3 a5 30. Rd5 a4 31. Rxb5 a3 32. Ra5 Bb2 33. Re1 Ra8 34. Bd2
Rxe1+ 0-1

[Event "European Blitz 2016"]
[Site "Tallinn EST"]
[Date "2016.12.18"]
[Round "25.9"]
[White "Wojtaszek, Radoslaw"]
[Black "Pavlidis, Antonios"]
[Result "1-0"]
[WhiteTitle "GM"]
[BlackTitle "GM"]
[WhiteElo "2749"]
[BlackElo "2532"]
[WhiteFideId "1118358"]
[BlackFideId "4212312"]
[EventDate "2016.12.17"]

1. Nf3 Nf6 2. c4 g6 3. Nc3 Bg7 4. e4 d6 5. d4 O-O 6. Be2 Na6 7. O-O e5 8. Be3
Qe7 9. Bg5 Qe8 10. Re1 exd4 11. Qxd4 Nd7 12. Qd2 Ne5 13. Nd4 Be6 14. Nd5 Bxd5
15. cxd5 Qa4 16. Be3 Nc4 17. Bxc4 Qxc4 18. Rac1 Qxa2 19. Bh6 Bxh6 20. Qxh6 Qxb2
21. Qe3 Qb6 22. Rb1 Nb4 23. Qd2 a5 24. Nf5 f6 25. Rb3 gxf5 26. Qh6 Rf7 27. exf5
Qd4 28. Rg3+ Kh8 29. Qh5 Qxd5 30. Rd1 Qc4 31. Rg4 Qb3 32. Rg3 Qc4 33. Rg4 Qa2
34. h3 Raf8 35. Re1 a4 36. Re6 a3 37. Qxf7 Qa1+ 38. Kh2 1-0

[Event "European Blitz 2016"]
[Site "Tallinn EST"]
[Date "2016.12.18"]
[Round "25.10"]
[White "Riazantsev, Alexander"]
[Black "Bologan, Victor"]
[Result "0-1"]
[WhiteTitle "GM"]
[BlackTitle "GM"]
[WhiteElo "2671"]
[BlackElo "2640"]
[WhiteFideId "4125029"]
[BlackFideId "13900048"]
[EventDate "2016.12.17"]

1. d4 Nf6 2. c4 Nc6 3. Nf3 e6 4. Nc3 Bb4 5. e3 O-O 6. Bd2 d6 7. a3 Bxc3 8. Bxc3
Qe7 9. b4 e5 10. Be2 Bg4 11. O-O e4 12. Nd2 Bxe2 13. Qxe2 Rfe8 14. b5 Nb8 15. a4
Nbd7 16. a5 b6 17. Ra2 d5 18. Rfa1 Rac8 19. axb6 axb6 20. Ra7 Qe6 21. Bb4 dxc4
22. Qxc4 Nd5 23. h3 c6 24. bxc6 Rxc6 25. Qb5 Rec8 26. Ra8 h5 27. R1a7 Rxa8 28.
Rxa8+ Kh7 29. Ra1 Rc2 30. Qa4 Rb2 31. Rb1 Rxb1+ 32. Nxb1 Nb8 33. Nd2 Qc6 34. Qb3
Qb5 35. Bd6 Qxb3 36. Nxb3 Nc6 37. g4 hxg4 38. hxg4 Nf6 39. g5 Nd5 40. Nd2 Nc3
41. f3 exf3 42. Nxf3 Kg6 43. Kf1 Kf5 44. Ke1 Kg4 45. g6 fxg6 46. Nd2 Kf5 47. Bf8
g5 48. Bxg7 g4 49. Bf8 b5 50. Bd6 Ne4 51. Nxe4 Kxe4 52. Kf2 b4 53. Kg3 b3 54.
Ba3 Na5 55. Kxg4 Nc4 56. Bc1 Kd3 57. d5 Kc2 58. Ba3 Nxa3 59. d6 Nc4 0-1

[Event "European Blitz 2016"]
[Site "Tallinn EST"]
[Date "2016.12.18"]
[Round "25.11"]
[White "Movsesian, Sergei"]
[Black "Grandelius, Nils"]
[Result "0-1"]
[WhiteTitle "GM"]
[BlackTitle "GM"]
[WhiteElo "2673"]
[BlackElo "2643"]
[WhiteFideId "310204"]
[BlackFideId "1710400"]
[EventDate "2016.12.17"]

1. Nf3 d5 2. g3 g6 3. Bg2 Bg7 4. O-O Nf6 5. c4 O-O 6. cxd5 Nxd5 7. Nc3 Nc6 8. h3
Re8 9. Kh2 e5 10. Nxd5 Qxd5 11. d3 Qb5 12. a3 a5 13. Qc2 Be6 14. Be3 Bd5 15. Nd2
Bxg2 16. Kxg2 Nd4 17. Bxd4 exd4 18. Ne4 Qd7 19. h4 c6 20. h5 Qd5 21. f3 Qxh5 22.
Qb3 Re7 23. g4 Qd5 24. Qc2 f5 25. Nf2 Rae8 26. Rae1 Re3 27. Rg1 Qe6 28. Kf1 Rxf3
29. exf3 Qxe1+ 30. Kg2 Qe6 31. gxf5 gxf5 32. Qc5 Kh8 33. Rh1 Rg8 34. Kf1 Qe5 35.
Qc4 Qd5 36. Qxd5 cxd5 37. Rh5 Rf8 38. Nh1 Be5 39. Kf2 Kg7 40. Ng3 Kg6 41. Rh1
Rc8 42. Ne2 Rc2 43. b4 a4 44. Rg1+ Kf7 45. Rh1 Kg6 46. Rg1+ Kf6 47. Rh1 Bf4 48.
Rxh7 Be3+ 49. Kf1 Ra2 50. Rxb7 Rxa3 51. Rb6+ Kg5 52. Ra6 Rxd3 53. Rxa4 Rd1+ 54.
Kg2 Rd2 55. Kf1 d3 56. Nc3 d4 57. Ra5 0-1

[Event "European Blitz 2016"]
[Site "Tallinn EST"]
[Date "2016.12.18"]
[Round "25.12"]
[White "Cvitan, Ognjen"]
[Black "Huzman, Alexander"]
[Result "0-1"]
[WhiteTitle "GM"]
[BlackTitle "GM"]
[WhiteElo "2491"]
[BlackElo "2557"]
[WhiteFideId "14500086"]
[BlackFideId "2803828"]
[EventDate "2016.12.17"]

1. d4 Nf6 2. c4 e6 3. Nc3 Bb4 4. e3 O-O 5. Bd3 d5 6. Nf3 b6 7. O-O Ba6 8. cxd5
exd5 9. Bxa6 Nxa6 10. Qa4 Qc8 11. Bd2 c5 12. dxc5 Bxc5 13. Rac1 Qb7 14. a3 Be7
15. b4 Nc7 16. Nd4 Ne6 17. Qc6 Rab8 18. Ncb5 Nxd4 19. Nxd4 Ne4 20. Rfd1 g6 21.
Qxb7 Rxb7 22. Be1 Bf6 23. Nb5 Rd8 24. f3 Ng5 25. Bc3 Bxc3 26. Rxc3 Ne6 27. Kf2
Rbd7 28. Nd4 Nxd4 29. Rxd4 Kf8 30. g4 Ke7 31. h4 h6 32. Kg3 Ke6 33. Kf4 f6 34.
Kg3 g5 35. h5 Rd6 36. f4 R8d7 37. Kf3 Rd8 38. b5 R8d7 39. Ke2 Rd8 40. Kd3 R8d7
41. Rc8 Rd8 42. Rxd8 Rxd8 43. Ra4 Rd7 44. Kd4 Rc7 45. f5+ Kd6 46. e4 dxe4 47.
Kxe4 Kc5 48. Rb4 Rd7 49. Rb1 Rd4+ 50. Kf3 Rd3+ 51. Ke4 Rxa3 52. Rc1+ Kxb5 53.
Rc7 Ra4+ 54. Kf3 Rf4+ 55. Kg3 a5 56. Rh7 a4 57. Rxh6 a3 58. Rh8 Ra4 0-1

[Event "European Blitz 2016"]
[Site "Tallinn EST"]
[Date "2016.12.18"]
[Round "25.13"]
[White "Jankovic, Alojzije"]
[Black "Zorko, Jure"]
[Result "1/2-1/2"]
[WhiteTitle "GM"]
[BlackTitle "IM"]
[WhiteElo "2591"]
[BlackElo "2454"]
[WhiteFideId "14505959"]
[BlackFideId "14604051"]
[EventDate "2016.12.17"]

1. d4 Nf6 2. Nf3 e6 3. c4 d5 4. Nc3 Bb4 5. cxd5 exd5 6. Bg5 Nbd7 7. e3 c5 8. Bd3
c4 9. Bf5 Qa5 10. Qc2 O-O 11. O-O Bxc3 12. bxc3 g6 13. Bxd7 Nxd7 14. e4 Nb6 15.
e5 Bf5 16. Qd2 Nd7 17. Be7 Rfe8 18. Bb4 Qa6 19. Qf4 f6 20. g4 Be4 21. Rfe1 Bxf3
22. Qxf3 fxe5 23. Qxd5+ Qe6 24. Qxe6+ Rxe6 25. f4 e4 26. d5 Ree8 27. g5 a5 28.
Bd6 Nb6 29. Rad1 Na4 30. Be5 Nb2 31. Rb1 Nd3 32. Rxe4 Rad8 33. Rb5 b6 34. Re3
Nc5 35. Rxb6 Rxd5 36. Rb2 Rd1+ 37. Kg2 Nd3 38. Rbe2 Rc1 39. Bd4 Rxe3 40. Rxe3
Nxf4+ 41. Kf3 Nd5 42. Re8+ Kf7 43. Rc8 Nxc3 44. Rxc4 Nxa2 45. Ra4 Nb4 46. Rxa5
Rc7 47. Ra8 Nc6 48. Bf6 Ke6 49. Ke4 Rb7 50. Ra6 Rb4+ 51. Kf3 Kd5 52. Ra8 Rb3+
53. Kg2 Rb7 54. Re8 Ra7 55. h4 Nb4 56. Re5+ Kc6 57. Re6+ Kd5 58. Re5+ Kc6 59.
Re8 Nd5 60. Kg3 Ra3+ 61. Kg4 Ra4+ 62. Kg3 Ra7 63. Re6+ Kd7 64. Re5 Kd6 65. Re1 1/2-1/2